00286nam a2200109Ia 4500008004100000020001500041082001700056100002200073245003100095260004200126300000800168161229s9999 xx 000 0 und d a8171412297 a658.3 GAN/MA aGangadhara Rao, M aManagement of human assets bDiscovery Publishing HouseaNew Delhi a339